Singers born in the USA- Sudden Death - Statistics

General Stats
  • This quiz has been taken 93 times
  • The average score is 3 of 6
Answers on the Grid
Answers color-coded by a green-red scale on the quiz's grid according to % correct below.
Justin Bieber
Taylor Swift
The Weeknd
Adele
Olivia Rodrigo
Olivia Newton John
Rhianna
Dua Lipa
Sabrina Carpenter
Ed Sheeran
Selena Quintanilla
Keith Urban
Morgan Wallen
The Beatles
 
Answer Stats
Answer % Correct
Taylor Swift
95%
Sabrina Carpenter
61%
Olivia Rodrigo
55%
Morgan Wallen
42%
Selena Quintanilla
33%
The Weeknd
29%
No matching quizzes found
Score Distribution
Percent of People with Each Score
Percentile by Number Answered
Your Score History
You have not taken this quiz